[Event "Pierrevert op 5th"]
[Site "Pierrevert"]
[Date "2007.04.16"]
[Round "3"]
[White "Gonzales, Gregory"]
[Black "Madranges, Julien"]
[Result "0-1"]
[WhiteElo "1680"]
[BlackElo "1910"]
[PlyCount "40"]
[EventDate "2007.04.15"]
[EventType "swiss"]
[EventRounds "9"]
[EventCountry "FRA"]
[SourceTitle "CBM 118 Extra"]
[Source "ChessBase"]
[SourceDate "2007.07.04"]
[SourceVersion "1"]
[SourceVersionDate "2007.07.04"]
[SourceQuality "1"]

1. d4 d5 2. c4 e6 3. Nc3 f5 4. cxd5 exd5 5. Nf3 Nf6 6. Ne5 c6 7. Bf4 Bd6 8. e3 0-0 9. Bd3 Qe8 10. Qc2 Nh5 11. 0-0-0 Nxf4 12. exf4 Be6 13. g4 g6 14. Rde1 fxg4 15. Nxg6 hxg6 16. Bxg6 Bxf4+ 17. Kd1 Qd7 18. Bh5 Bf5 19. Qe2 Qg7 20. Rhg1 Qxd4+ 0-1

[Event "Pierrevert op 5th"]
[Site "Pierrevert"]
[Date "2007.04.15"]
[Round "1"]
[White "Jean, Claude"]
[Black "Gonzales, Gregory"]
[Result "0-1"]
[WhiteElo "2201"]
[BlackElo "1680"]
[PlyCount "82"]
[EventDate "2007.04.15"]
[EventType "swiss"]
[EventRounds "9"]
[EventCountry "FRA"]
[SourceTitle "CBM 118 Extra"]
[Source "ChessBase"]
[SourceDate "2007.07.04"]
[SourceVersion "1"]
[SourceVersionDate "2007.07.04"]
[SourceQuality "1"]

1. e4 d5 2. exd5 Nf6 3. d4 Nxd5 4. Nf3 Bg4 5. Be2 Nc6 6. c4 Nb6 7. b3 e6 8. 0-0 Be7 9. Bb2 Bf6 10. Qd2 0-0 11. Rd1 Ne7 12. Nc3 g6 13. Qf4 Bxf3 14. Bxf3 Bg7 15. Bxb7 Nxc4 16. Bxa8 Nxb2 17. Rd2 Qxa8 18. Rxb2 c5 19. Rd1 cxd4 20. Ne4 Nd5 21. Qf3 f5 22. Nc5 e5 23. b4 Nc3 24. Qxa8 Rxa8 25. Re1 e4 26. Rd2 d3 27. Nb3 Nd5 28. Rc1 Bh6 29. Rc4 Bxd2 30. Nxd2 Nb6 31. Rc7 Rc8 32. Rxc8+ Nxc8 33. Nc4 Nd6 34. Nb2 Kf7 35. f3 Ke6 36. Kf2 Kd5 37. a4 Nc4 38. Nd1 Kd4 39. a5 e3+ 40. Ke1 f4 41. b5 Nxa5 0-1